The modernization of Iran, 1921-1941 / (Record no. 21613)

MARC details
000 -LEADER
fixed length control field 00743cam a22002531 4500
001 - CONTROL NUMBER
control field 7026866
003 - CONTROL NUMBER IDENTIFIER
control field BDDh-ASL
005 - DATE AND TIME OF LATEST TRANSACTION
control field 20231015030022.0
008 - FIXED-LENGTH DATA ELEMENTS--GENERAL INFORMATION
fixed length control field 720615s1961 caua 000 0 eng
010 ## - LIBRARY OF CONGRESS CONTROL NUMBER
LC control number 61005504
035 ## - SYSTEM CONTROL NUMBER
System control number (OCoLC)332726
040 ## - CATALOGING SOURCE
Original cataloging agency DLC
Transcribing agency OTU
Modifying agency OCoLC
-- NcRS
-- DLC
-- BDDh-ASL
042 ## - AUTHENTICATION CODE
Authentication code premarc
050 00 - LIBRARY OF CONGRESS CALL NUMBER
Classification number DS317
Item number .B3
082 ## - DEWEY DECIMAL CLASSIFICATION NUMBER
Classification number 955.05
Item number BAM
100 1# - MAIN ENTRY--PERSONAL NAME
Personal name Banani, Amin.
245 14 - TITLE STATEMENT
Title The modernization of Iran, 1921-1941 /
260 ## - PUBLICATION, DISTRIBUTION, ETC.
Place of publication, distribution, etc. Stanford:
Name of publisher, distributor, etc. Stanford University Press,
Date of publication, distribution, etc. 1961.
300 ## - PHYSICAL DESCRIPTION
Extent 191 p. :
Other physical details illus.
Dimensions 23 cm.
651 #0 - SUBJECT ADDED ENTRY--GEOGRAPHIC NAME
Geographic name Iran
General subdivision History
Chronological subdivision Pahlavi dynasty, 1925-1979.
651 #0 - SUBJECT ADDED ENTRY--GEOGRAPHIC NAME
Geographic name Iran
General subdivision History
Chronological subdivision 20th century.
906 ## - LOCAL DATA ELEMENT F, LDF (RLIN)
a 7
b cbc
c oclcrpl
d u
e ncip
f 19
g y-gencatlg
942 ## - ADDED ENTRY ELEMENTS (KOHA)
Source of classification or shelving scheme Dewey Decimal Classification
Koha item type Books
Holdings
Withdrawn status Lost status Source of classification or shelving scheme Damaged status Not for loan Collection code Home library Current library Shelving location Date acquired Source of acquisition Total Checkouts Full call number Barcode Date last seen Copy number Price effective from Koha item type Public note
    Dewey Decimal Classification     Non-fiction Asiatic Society Library Asiatic Society Library General Stacks 02/08/2021 ASB Library Collections   955.05 BAM 105458 02/08/2021 C-1 02/08/2021 Books RARE

Powered by Koha